| 000 | 00579nam a2200217Ia 4500 | ||
|---|---|---|---|
| 003 | GCL | ||
| 005 | 20240530104758.0 | ||
| 008 | 140319s9999 xx 000 0 ara d | ||
| 040 |
_aGCL / _cGCL |
||
| 082 | 0 | 4 |
_aط _b953.08 _bا ل |
| 100 | 1 | _aاحمد نجيب | |
| 245 | 1 | 0 |
_aلماذا بكى السلطان / _cاحمد نجيب |
| 300 | _a16 ص | ||
| 490 |
_aمصر ام الدنيا _v0 |
||
| 650 | 0 | 4 | _aالاطفال |
| 650 | 0 | 4 | _aالقصص |
| 650 | 0 | 4 | _aقصص الاطفال |
| 650 | 0 | 4 | _aالمماليك |
| 700 | 1 | _aسحر عبدالغنى | |
| 942 |
_2ddc _cBK |
||
| 999 |
_c50598 _d50598 |
||